The Near-Saturn Magnetic Field Environment

This thesis focuses on the very high Mach number shock wave that is located sunward of Saturn's strong magnetic field in the continuous high-speed flow of charged particles from the Sun (the solar wind). The author exploits the fact that the Cassini spacecraft is the only orbiter in a unique pa...

Full description

Bibliographic Details
Main Author: Sulaiman, Ali Haidar (Author)
Corporate Author: SpringerLink (Online service)
Format: Electronic eBook
Language:English
Published: Cham : Springer International Publishing : Imprint: Springer, 2017.
Series:Springer Theses, Recognizing Outstanding Ph.D. Research,
Subjects:
Online Access:Full Text via HEAL-Link
LEADER 02773nam a22004815i 4500
001 978-3-319-49292-6
003 DE-He213
005 20161116155229.0
007 cr nn 008mamaa
008 161116s2017 gw | s |||| 0|eng d
020 |a 9783319492926  |9 978-3-319-49292-6 
024 7 |a 10.1007/978-3-319-49292-6  |2 doi 
040 |d GrThAP 
050 4 |a QB495-500.269 
072 7 |a TTDS  |2 bicssc 
072 7 |a SCI005000  |2 bisacsh 
082 0 4 |a 520  |2 23 
082 0 4 |a 500.5  |2 23 
100 1 |a Sulaiman, Ali Haidar.  |e author. 
245 1 4 |a The Near-Saturn Magnetic Field Environment  |h [electronic resource] /  |c by Ali Haidar Sulaiman. 
264 1 |a Cham :  |b Springer International Publishing :  |b Imprint: Springer,  |c 2017. 
300 |a XXV, 97 p. 47 illus., 22 illus. in color.  |b online resource. 
336 |a text  |b txt  |2 rdacontent 
337 |a computer  |b c  |2 rdamedia 
338 |a online resource  |b cr  |2 rdacarrier 
347 |a text file  |b PDF  |2 rda 
490 1 |a Springer Theses, Recognizing Outstanding Ph.D. Research,  |x 2190-5053 
505 0 |a Introduction to Space Plasmas -- The Sun-Saturn Connection -- Spacecraft and Instrumentation -- Magnetic Field Characterisation of Saturn’s Bow Shock -- Quasi-perpendicular High Mach Number Collisionless Shocks -- The Magnetic Structure of Saturn’s Magnetosheath -- Summary and Perspective -- Bibliography. 
520 |a This thesis focuses on the very high Mach number shock wave that is located sunward of Saturn's strong magnetic field in the continuous high-speed flow of charged particles from the Sun (the solar wind). The author exploits the fact that the Cassini spacecraft is the only orbiter in a unique parameter regime, far different from the more familiar near-Earth space, to provide in-situ insights into the unreachable exotic regime of supernova remnants. This thesis bridges the gap between shock physics in the Solar System and the physics of ultra-high Mach number shocks around the remnants of supernova explosions, since to date research into the latter has been restricted to theory, remote observations, and simulations. 
650 0 |a Physics. 
650 0 |a Astrophysics. 
650 1 4 |a Physics. 
650 2 4 |a Space Sciences (including Extraterrestrial Physics, Space Exploration and Astronautics). 
650 2 4 |a Solar and Heliospheric Physics. 
650 2 4 |a Planetary Sciences. 
650 2 4 |a Astrophysics and Astroparticles. 
710 2 |a SpringerLink (Online service) 
773 0 |t Springer eBooks 
776 0 8 |i Printed edition:  |z 9783319492919 
830 0 |a Springer Theses, Recognizing Outstanding Ph.D. Research,  |x 2190-5053 
856 4 0 |u http://dx.doi.org/10.1007/978-3-319-49292-6  |z Full Text via HEAL-Link 
912 |a ZDB-2-PHA 
950 |a Physics and Astronomy (Springer-11651)